000 00534nam a2200169 i 4500
001 80442
003 ES-MaACL
005 20230906174221.0
007 t|
008 041028s1969 sp ||||1| spa d
100 1 _aHildesheimer, Wolfgang.
_963686
245 1 3 _aEl fin de un mundo
_b: narraciones sin amor /
_cWolfgang Hildesheimer ; [traducción del alemán por Paula Blanco].
260 _aMadrid :
_bMagisterio,
_c[1969]
300 _a192 p. ;
_c18 cm.
700 1 _aBlanco, Paula.
_929198
852 _aES-MaACL
_jC-40610
_bR.71200
999 _c80442
_d80442